000 00342nam a2200157Ia 4500
100 _aMamoria/C/B/ Gankar/S.V
942 _cBK
366 _f20
654 _apersonnel
245 _aPersonnel Management
260 _bHimalaya Publishers
_aMumbai
_c1996
082 _a658.409/MAM
_bMAM
300 _a932
546 _aENGLISH
999 _c22246
_d22246